| 000 | 00634nam a22001815i 4500 | ||
|---|---|---|---|
| 001 | 54091 | ||
| 003 | ES-MaACL | ||
| 005 | 20230906162908.0 | ||
| 007 | t| | ||
| 008 | 960712s1883 fr ||||1| fre d | ||
| 040 |
_aCAM _bspa _cCAM |
||
| 100 | 0 |
_aFerri, Luigi. _950566 |
|
| 245 | 1 | 3 |
_aLa psychologie de l'association depuis Hobbes jusqu'a nos jours _b: (histoire et critique) / _cpar Louis Ferri. |
| 260 |
_aParis : _bLibrairie Germer Baillière et Cie, _c1883 ( _eAbbeville : _fTyp. et stér. Gustave Retaux) |
||
| 300 |
_a[4], 378, [1] p. ; _c23 cm. |
||
| 650 | 0 | 4 |
_aRepresentación (Filosofía) _916851 |
| 852 |
_aES-MaACL _jB-6377 |
||
| 999 |
_c54091 _d54091 |
||